000 00261nam a2200097Ia 4500
005 20251222175818.0
008 251222s9999||||xx |||||||||||||| ||spa||
082 _aDVD0150/P27/2004
245 0 _aEl evangelio segĂșn San Mateo:Il Vangelo Secondo Mateo
942 _cDVD
999 _c40377
_d40377